|
|
|
|
| LEADER |
00000naa2a2200000 4500 |
| 001 |
632637 |
| 005 |
20231102024617.0 |
| 035 |
|
|
|a (RuTPU)RU\TPU\conf\34358
|
| 035 |
|
|
|a RU\TPU\conf\34357
|
| 090 |
|
|
|a 632637
|
| 100 |
|
|
|a 20210226d2020 k y0rusy50 ca
|
| 101 |
0 |
|
|a rus
|d eng
|
| 102 |
|
|
|a RU
|
| 105 |
|
|
|a y z 101zy
|
| 135 |
|
|
|a drcn ---uucaa
|
| 181 |
|
0 |
|a i
|
| 182 |
|
0 |
|a b
|
| 200 |
1 |
|
|a Сравнительный анализ показателей интеллектуального потенциала регионов
|d Comparative analysis of regional intellectual potential indicators
|f А. И. Полисадова
|
| 203 |
|
|
|a Текст
|c электронный
|
| 230 |
|
|
|a 1 компьютерный файл (pdf; 245 Kb)
|
| 300 |
|
|
|a Заглавие с титульного экрана
|
| 320 |
|
|
|a [Библиогр.: с. 146 (4 назв.)]
|
| 330 |
|
|
|a The article discusses the definition of the structure of the intellectual potential of the regions. Several independent groups of quantitative data are compared, namely, the indicators of the intellectual potential of regions for six years, using the Kruskal-Wallis test using a package of applied statistical programs.
|
| 463 |
|
1 |
|0 (RuTPU)RU\TPU\conf\34302
|t Современные технологии, экономика и образование
|o сборник материалов II Всероссийской научно-методической конференции, г. Томск, 2-4 сентября 2020 г.
|f Национальный исследовательский Томский политехнический университет ; под ред. А. Г. Фефеловой, Е. А. Покровской, И. О. Болотиной [и др.]
|v [С. 144-146]
|d 2020
|
| 510 |
1 |
|
|a Comparative analysis of regional intellectual potential indicators
|z eng
|
| 610 |
1 |
|
|a электронный ресурс
|
| 610 |
1 |
|
|a труды учёных ТПУ
|
| 610 |
1 |
|
|a сравнительный анализ
|
| 610 |
1 |
|
|a интеллектуальный потенциал
|
| 610 |
1 |
|
|a регионы
|
| 610 |
1 |
|
|a прикладные программы
|
| 610 |
1 |
|
|a инновационный потенциал
|
| 610 |
1 |
|
|a конкурентоспособность
|
| 700 |
|
1 |
|a Полисадова
|b А. И.
|
| 712 |
0 |
2 |
|a Национальный исследовательский Томский политехнический университет
|c (2009- )
|2 stltpush
|3 (RuTPU)RU\TPU\col\15902
|9 26305
|
| 801 |
|
2 |
|a RU
|b 63413507
|c 20210305
|g RCR
|
| 856 |
4 |
|
|u http://earchive.tpu.ru/handle/11683/64673
|
| 942 |
|
|
|c BK
|